Statistiken für League of Legends: Skinlines 1

Klicken Sie hier um das Quiz zu spielen!

Allgemein

  • Dieses Quiz wurde 154 mal gespielt
    (143 seit der letzten Aktualisierung)
  • Das Durchschnittsergebnis liegt bei 14 aus 20

Antwortstatistiken

Antwort% Korrekt
Pool Party
98%
Bees!
94%
Pentakill
90%
High Noon
88%
Pulsefire
85%
Hextech
84%
Astronaut
83%
Elderwood
79%
Bewitching
70%
Cosmic
68%
Debonair
66%
Shockblade
62%
Soccer Cup
62%
Inkshadow
57%
Cafe Cuties
56%
Crime City
56%
Ruined
54%
Odyssee
49%
Sugar Rush
49%
Storybook
46%

Verteilung der Resultate

Perzentil nach korrekt beantworteten Fragen

Anzahl Personen mit jedem Resultat

Ihre Resultats-Entwicklung

Sie haben dieses Quiz seit der letzten Aktualisierung nicht gespielt